Fro (Record no. 121680)

MARC details
000 -LEADER
campo de control de longitud fija 00715nam a2200229 4500
001 - NÚMERO DE CONTROL
campo de control 121680
003 - IDENTIFICADOR DE NÚMERO DE CONTROL
campo de control ES-MaACL
005 - FECHA Y HORA DE LA ÚLTIMA TRANSACCIÓN
campo de control 20230906191811.0
007 - CAMPO FIJO DE DESCRIPCIÓN FÍSICA--INFORMACIÓN GENERAL
campo de control de longitud fija t|
008 - DATOS DE LONGITUD FIJA--INFORMACIÓN GENERAL
campo de control de longitud fija 070214s1973 sp r ||||1| spa d
100 1# - ENTRADA PRINCIPAL--NOMBRE DE PERSONA
Nombre de persona Platonov, Andrei.
9 (RLIN) 92603
245 10 - MENCIÓN DEL TÍTULO
Título Fro
Resto del título : ; El regreso ; El tercer hijo ; El río Potudan ; Dzhan /
Mención de responsabilidad, etc. Andrei Platonov ; prólogo Evgueni Evtuchenko ; traducción de Amaya Lacasa.
260 ## - PUBLICACIÓN, DISTRIBUCIÓN, ETC.
Lugar de publicación, distribución, etc. Madrid :
Nombre del editor, distribuidor, etc. Alianza,
Fecha de publicación, distribución, etc. 1973.
300 ## - DESCRIPCIÓN FÍSICA
Extensión 213 p. ;
Dimensiones 20 cm.
700 1# - ENTRADA AGREGADA--NOMBRE PERSONAL
Nombre de persona Evtuchenko, Evgueni.
9 (RLIN) 48408
700 1# - ENTRADA AGREGADA--NOMBRE PERSONAL
Nombre de persona Lacasa, Amaya.
9 (RLIN) 69334
740 0# - ENTRADA AGREGADA--TÍTULO RELACIONADO/ANALÍTICO NO CONTROLADO
Título relacionado o analítico no controlado El regreso.
740 0# - ENTRADA AGREGADA--TÍTULO RELACIONADO/ANALÍTICO NO CONTROLADO
Título relacionado o analítico no controlado El tercer hijo.
740 0# - ENTRADA AGREGADA--TÍTULO RELACIONADO/ANALÍTICO NO CONTROLADO
Título relacionado o analítico no controlado El río Potudan.
740 0# - ENTRADA AGREGADA--TÍTULO RELACIONADO/ANALÍTICO NO CONTROLADO
Título relacionado o analítico no controlado Dzhan.
852 ## - LOCALIZACIÓN
Ubicación ES-MaACL
Número de control de estantería C-54923
Sublocalización o colección R.87498
Holdings
Estatus retirado Estado de pérdida Estado de daño No para préstamo Biblioteca de origen Biblioteca actual Ubicación en estantería Fecha de adquisición Fuente de adquisición Total de préstamos Signatura topográfica completa Código de barras Visto por última vez Precio de reemplazo Tipo de ítem Koha
        Biblioteca del Ateneo de Madrid Biblioteca del Ateneo de Madrid Depósito 2 17/01/2008     C-54923 1126805 23/02/2023 23/02/2023 Libro impreso